Comuni della Provincia di Matera (con mappa) - Statistics

Statistiche generali
  • Questo quiz è stato fatto 27 volte
  • Il punteggio medio è 21 su 31
Risposte nella Mappa
Le risposte nella mappa del quiz sottostante sono codificate secondo una scala di colori dal rosso al verde in base alla % di persone che hanno risposto correttamente.
 
Statistiche sulle risposte
Risposta % Corretto
Matera
100%
Bernalda
89%
Pisticci
89%
Policoro
89%
Scanzano Jonico
89%
Ferrandina
78%
Grottole
78%
Irsina
78%
Miglionico
78%
Montescaglioso
78%
Accettura
67%
Aliano
67%
Calciano
67%
Craco
67%
Montalbano Jonico
67%
Nova Siri
67%
Rotondella
67%
Tricarico
67%
Cirigliano
56%
Colobraro
56%
Grassano
56%
Oliveto Lucano
56%
Salandra
56%
San Giorgio Lucano
56%
San Mauro Forte
56%
Stigliano
56%
Valsinni
56%
Garaguso
44%
Gorgoglione
44%
Pomarico
44%
Tursi
44%
Nessun quiz corrispondente trovato
Distribuzione punteggi
Percentuale di utenti per punteggio
Percentile per numero di risposta
I tuoi punteggi nel tempo
Non hai fatto questo quiz